[Event "Summer Cup 2025"]
[Site "Wellington NZL"]
[Date "2025.02.06"]
[Round "1.1"]
[White "Farrington, Lawrence B"]
[Black "Croad, Nicolas"]
[Result "0-1"]
[WhiteElo "1601"]
[BlackElo "2375"]

1. d4 Nf6 2. c4 g6 3. Nc3 Bg7 4. Nf3 O-O 5. Bg5 d6 6. e4 h6 7. Bh4 Nbd7 8. Be2
e5 9. d5 a5 10. a4 Nc5 11. Qc2 Bd7 12. O-O Qb8 13. Rfb1 Nh7 14. Nd2 f5 15. exf5
Bxf5 16. Nde4 Nxe4 17. Nxe4 Bxe4 18. Qxe4 Rf4 19. Qxg6 Rxh4 20. g3 Nf8 21. Qf5
Rd4 22. b3 Qc8 23. Qc2 b6 24. Bd3 Qg4 25. Kg2 Qg5 26. Re1 Nd7 27. Rad1 Rf8 28.
h4 Rxh4 29. Be2 Nc5 30. f3 e4 31. Rf1 Be5 0-1

[Event "Summer Cup 2025"]
[Site "Wellington NZL"]
[Date "2025.02.06"]
[Round "1.2"]
[White "Ker, Anthony F"]
[WhiteFideId "4300084"]
[Black "Ashe, Michael"]
[BlackFideId "4310462"]
[Result "1-0"]
[WhiteElo "2318"]
[BlackElo "1598"]
[PlyCount "0"]
[EventDate "2025.02.06"]
[SourceDate ""]

1. e4 c6 2. d4 d5 3. exd5 cxd5 4. Nf3 Nf6 5. Ne5 a6 6. c4 Nc6 7. Nc3 e6 8. Nxc6 bxc6 9. Be2 Be7 10. O-O O-O 11. Bf4 c5 12. Bf3 Bd6 13. Bxd6 Qxd6 14. dxc5 Qxc5 15. cxd5 Rd8 16. dxe6 Rxd1 17. Raxd1 Bb7 18. Bxb7 Rb8 19. exf7+ Kxf7 20. Bxa6 Qc6 21. Bd3 Rxb2 22. Rc1 Qd6 23. Rfd1 Qb8 24. h3 Rb7 25. a4 Ra7 26. Bc2 g6 27. Nb5 Ra6 28. Bb3+ Kg7 29. Nd4 Kh6 30. Ra1 Ne4 31. Re1 Qf4 32. Nf3 Nd2 33. Nxd2 Qxd2 34. Bc4 Rf6 35. Rf1 Qa5 36. Bb5 Rf7 37. Rad1 Qb6 38. Rd3 Rf5 39. Re3 Rf7 40. Rfe1 Rf5 41. R1e2 Rxb5 42. axb5 Qxb5 43. Re7 Qb1+ 44. Kh2 Qb8+ 45. g3 Qb5 46. R2e4 g5 47. R4e6+ 1-0

[Event "Summer Cup 2025"]
[Site "Wellington NZL"]
[Date "2025.02.06"]
[Round "1.3"]
[White "Bohme, Alex"]
[Black "Dive, Russell J"]
[Result "0-1"]
[WhiteElo "1578"]
[BlackElo "2309"]

1. d4 Nf6 2. Bg5 Ne4 3. Bf4 d5 4. Nf3 c6 5. Nbd2 Bf5 6. c3 e6 7. e3 Bd6 8. Nxe4
Bxe4 9. Bxd6 Qxd6 10. Bd3 Bg6 11. Ne5 Bxd3 12. Qxd3 O-O 13. O-O f6 14. Nf3 e5
15. e4 Nd7 16. Nd2 Rad8 17. Rad1 Rfe8 18. f3 c5 19. exd5 Qxd5 20. Qc4 Nb6 21.
Qxd5+ Nxd5 22. dxe5 Ne3 0-1

[Event "Summer Cup 2025"]
[Site "Wellington NZL"]
[Date "2025.02.06"]
[Round "1.4"]
[White "Winter, Ryan"]
[WhiteFideId "4306295"]
[Black "Ulm, Eric"]
[BlackFideId "4325575"]
[Result "1-0"]
[WhiteElo "2241"]
[BlackElo "1547"]
[PlyCount "0"]
[EventDate "2025.02.06"]
[SourceDate ""]

1. e4 e6 2. d4 d5 3. Nd2 dxe4 4. Nxe4 Bd7 5. Nf3 Bc6 6. Neg5 Bd6 7. Bd3 h6 8.
Ne4 Bxe4 9. Bxe4 c6 10. O-O Nf6 11. Bd3 Nbd7 12. Re1 O-O 13. c3 Re8 14. Be3 b6
15. Qc2 Qc7 16. Rad1 Rac8 17. h3 a5 18. a4 Rb8 19. Bc1 Rbc8 20. Qe2 Ra8 21. Ne5
Be7 22. Nxf7 Nf8 23. Ne5 N6d7 24. Nxd7 Qxd7 25. Bf4 Bd6 26. Qg4 Bxf4 27. Qxf4
Re7 28. Re5 Rf7 29. Qe3 Re8 30. d5 Rfe7 31. dxc6 Qd6 32. Bh7+ 1-0

[Event "Summer Cup 2025"]
[Site "Wellington NZL"]
[Date "2025.02.06"]
[Round "1.5"]
[White "Dhamodharam, Aadhav"]
[WhiteFideId "33474575"]
[Black "Archer, Ollie"]
[BlackFideId "4317262"]
[Result "0-1"]
[WhiteElo "1524"]
[BlackElo "2166"]
[PlyCount "0"]
[EventDate "2025.02.06"]
[SourceDate ""]

1. b3 e5 2. Bb2 Nc6 3. c4 Nf6 4. e3 d5 5. Nc3 d4 6. exd4 exd4 7. Nce2 d3 8. Nf4 Qe7+ 9. Nfe2 Nb4 10. Rc1 dxe2 11. Bxe2 Nd3+ 12. Kf1 Nxc1 13. Qxc1 Bf5 14. Nf3 O-O-O 15. Nd4 Bg6 16. Qc3 Qb4 17. Qh3+ Kb8 18. Bd3 Qxd2 19. Qe3 Qd1+ 20. Qe1 Bxd3+ 21. Kg1 Qxe1# 0-1

[Event "Summer Cup 2025"]
[Site "Wellington NZL"]
[Date "2025.02.06"]
[Round "1.6"]
[White "Young, Cohen"]
[Black "List, Robert"]
[Result "1-0"]
[WhiteElo "2154"]
[BlackElo "1481"]

1. e4 e6 2. d4 b6 3. Bd3 Bb7 4. Nf3 c5 5. c3 cxd4 6. cxd4 Nc6 7. Nc3 Rc8 8. O-O
h5 9. a3 a6 10. Qe2 b5 11. Bf4 Nf6 12. d5 Na5 13. dxe6 dxe6 14. Rfd1 Qb6 15.
Nd2 Ng4 16. h3 e5 17. Bg3 h4 18. Qxg4 hxg3 19. Qxg3 Qd4 20. Nf3 1-0

[Event "Summer Cup 2025"]
[Site "Wellington NZL"]
[Date "2025.02.06"]
[Round "1.7"]
[White "Ibbotson, Matt"]
[WhiteFideId "0"]
[Black "Winsley, Nicholas"]
[BlackFideId "4315146"]
[Result "0-1"]
[WhiteElo "1434"]
[BlackElo "2127"]
[PlyCount "0"]
[EventDate "2025.02.06"]
[SourceDate ""]

1. e4 c5 2. Nf3 Nc6 3. d4 cxd4 4. Nxd4 e6 5. Bf4 d6 6. Bb5 Bd7 7. c3 e5 8.
Bg3 exd4 9. cxd4 Nf6 10. O-O Be7 11. Nc3 O-O 12. f4 Qb6 13. Bf2 Ng4 14. h3 Nxf2
15. Rxf2 Bh4 16. Rf3 Nxd4 17. Bxd7 Nxf3+ 18. Kh1 Ne1 19. Qg4 Qxb2 20. Rb1 Qxc3
21. Qxh4 Nxg2 22. Qg4 Ne3 23. Qg3 Rad8 24. Bf5 g6 25. Rg1 d5 26. e5 d4 27. Be4
Kh8 28. Qg5 Nd5 29. f5 Qxh3# 0-1

[Event "Summer Cup 2025"]
[Site "Wellington NZL"]
[Date "2025.02.06"]
[Round "1.8"]
[White "Timergazi, Layla"]
[Black "Thingbaijam, Conan"]
[Result "1-0"]
[WhiteElo "2116"]
[BlackElo "1428"]

1. d4 Nf6 2. c4 g6 3. Nc3 Bg7 4. e4 d6 5. h3 O-O 6. Bg5 e5 7. dxe5 dxe5 8. Qxd8
Rxd8 9. Nd5 Nbd7 10. O-O-O Rf8 11. Nxc7 Rb8 12. f3 b6 13. Ne2 Nc5 14. Nc3 Bb7
15. N7d5 Ncd7 16. Be2 Kh8 17. g4 Kg8 18. Kb1 Kh8 19. h4 h6 20. Nxf6 Nxf6 21.
Be3 Ng8 22. Rd7 Kh7 23. Rhd1 Nf6 24. Re7 Ng8 25. Rc7 1-0

[Event "Summer Cup 2025"]
[Site "Wellington NZL"]
[Date "2025.02.06"]
[Round "1.9"]
[White "Osborne, Geoff"]
[Black "Chang, Luke"]
[Result "0-1"]
[WhiteElo "1423"]
[BlackElo "2038"]

1. e4 c6 2. c4 d5 3. exd5 cxd5 4. cxd5 Nf6 5. d4 g6 6. Nf3 Bg7 7. Be2 O-O 8.
O-O Nbd7 9. Nc3 Nb6 10. Be3 Nbxd5 11. Bg5 Be6 12. Qd2 Rc8 13. Rac1 Qa5 14. Nxd5
Qxd5 15. b3 Ne4 16. Qe3 Nxg5 17. Nxg5 Bxd4 18. Qf3 Qxg5 19. Rcd1 0-1

[Event "Summer Cup 2025"]
[Site "Wellington NZL"]
[Date "2025.02.06"]
[Round "1.10"]
[White "Loke, Kayden"]
[Black "Rose, Jim"]
[Result "1/2-1/2"]
[WhiteElo "2015"]
[BlackElo "1413"]

1. g4 d6 2. Bg2 c6 3. g5 e5 4. d4 exd4 5. Qxd4 Qb6 6. Qxb6 axb6 7. c4 g6 8. Nc3
Be6 9. b3 Bg7 10. Bd2 Na6 11. Rd1 Ne7 12. Ne4 O-O-O 13. Bf4 Nf5 14. Bh3 d5 15.
Bxf5 dxe4 16. Rxd8+ 1/2-1/2

[Event "Summer Cup 2025"]
[Site "Wellington NZL"]
[Date "2025.02.06"]
[Round "1.11"]
[White "Tanoi, T Edward"]
[WhiteFideId "4302087"]
[Black "Farrokh, Hoorad"]
[BlackFideId "0"]
[Result "1-0"]
[WhiteElo "1966"]
[BlackElo "1406"]
[PlyCount "0"]
[EventDate "2025.02.06"]
[SourceDate ""]

1. c4 c5 2. Nc3 Nc6 3. Nf3 Nf6 4. e3 e6 5. d4 d5 6. cxd5 Nxd5 7. Bd3 cxd4 8. exd4 
Bb4 9. Bd2 0-0 10. 0-0 Nf6 11. a3 Ba5 12. Bg5 h6 13. Bh4 Bb6 14. Ne2 Kh8 15. Bc2 
Bc7 16. Qd3 g6 17. Rad1 Kg7 18. Nc3 e5 19. dxe5 Nxe5 20. Nxe5 1-0

[Event "Summer Cup 2025"]
[Site "Wellington NZL"]
[Date "2025.02.06"]
[Round "1.12"]
[White "Nicholls, Leighton"]
[Black "Sun, William"]
[Result "1-0"]
[WhiteElo "1957"]
[BlackElo "1333"]

1. d4 Nf6 2. c4 d6 3. Nc3 Bf5 4. f3 Nbd7 5. e4 Bg6 6. Be3 e5 7. d5 Be7 8. Bd3
c5 9. Nge2 Qb6 10. Qd2 a5 11. O-O-O O-O 12. g4 a4 13. Ng3 a3 14. b3 Qa5 15. Nf5
Bxf5 16. exf5 Rae8 17. Rdg1 b6 18. Kc2 Kh8 19. h4 Bd8 20. h5 Qa7 21. g5 Ng8 22.
f6 Qb7 23. fxg7+ Kxg7 24. g6 h6 25. gxf7+ 1-0

[Event "Summer Cup 2025"]
[Site "Wellington NZL"]
[Date "2025.02.06"]
[Round "1.13"]
[White "Swinburne, McKenzie S E (Zion)"]
[WhiteFideId "0"]
[Black "Forster, William"]
[BlackFideId "4301358"]
[Result "0-1"]
[WhiteElo "1229"]
[BlackElo "1946"]
[PlyCount "0"]
[EventDate "2025.02.06"]
[SourceDate ""]

1. e4 c5 2. c3 e5 3. g3 Nc6 4. Nf3 g6 5. Bb5 Bg7 6. a3 Nge7 7. Qb3 O-O 8. h4 a6 9. Be2 d6 10. Ng5 h6 11. Nh3 Be6 12. Qc2 Qd7 13. Ng1 d5 14. d3 Rfd8 15. Nd2 Rac8 16. f3 b5 17. a4 c4 18. b4 d4 19. dxc4 d3 20. Qb3 dxe2 21. Nxe2 Bxc4 22. Nxc4 bxc4 23. Qc2 Qd3 24. Ra2 Qxf3 25. Rf1 Qg4 26. Ba3 Rd3 27. b5 Qxe4  28. bxc6 Nd5 29. Bc1 Nxc3 30. Kf2 Nxa2 31. Qxa2 Rf3+ 32. Kg1 Rxf1+ 33. Kxf1 Rxc6 34. Qb2 Qh1+ 35. Kf2 Rf6+ 36. Ke3 Qf3+ 37. Kd2 Qd5+ 38. Ke1 Bf8 39. g4 Qh1+ 40. Kd2 Rd6+ 41. Ke3 Rd3+ 42. Kf2 Bc5+ 0-1

[Event "Summer Cup 2025"]
[Site "Wellington NZL"]
[Date "2025.02.06"]
[Round "1.14"]
[White "Keith, Matthew"]
[Black "Asher, Bruce"]
[Result "1-0"]
[WhiteElo "1880"]
[BlackElo "1196"]

1. e4 Nc6 2. d4 d5 3. e5 e6 4. Nf3 Bb4+ 5. c3 Ba5 6. Bd3 f6 7. O-O fxe5 8. dxe5
a6 9. Re1 d4 10. Bg5 Nge7 11. Qc2 g6 12. Nbd2 b5 13. Be4 Qd7 14. Nb3 Bb6 15.
cxd4 Nxd4 16. Nbxd4 Bxd4 17. Bxa8 Bb6 18. Rad1 Nd5 19. Bc6 1-0

[Event "Summer Cup 2025"]
[Site "Wellington NZL"]
[Date "2025.02.06"]
[Round "1.15"]
[White "Miriyala, Sreenikesh"]
[Black "Jackson, L Ross"]
[Result "1-0"]
[WhiteElo "1195"]
[BlackElo "1873"]

1. e4 c5 2. c3 d5 3. e5 Nc6 4. d4 e6 5. Nf3 Qb6 6. Bd3 cxd4 7. cxd4 Nb4 8. Nc3
Nxd3+ 9. Qxd3 Bd7 10. Be3 Rc8 11. O-O Qxb2 12. Rfc1 Qa3 13. Rab1 Bb4 14. Rb3
Qa5 15. Bd2 Ne7 16. Rcb1 Bxc3 17. Bxc3 Qc7 {White won on move 34} 1-0

[Event "Summer Cup 2025"]
[Site "Wellington NZL"]
[Date "2025.02.06"]
[Round "1.16"]
[White "Sethuramalingam, Karthik"]
[WhiteFideId "4320964"]
[Black "Hao, John"]
[BlackFideId "4326377"]
[Result "1-0"]
[WhiteElo "1872"]
[BlackElo "1165"]
[PlyCount "0"]
[EventDate "2025.02.06"]
[SourceDate ""]

1. d4 d5 2. c4 e6 3. Nc3 Nf6 4. cxd5 exd5 5. Bg5 Be7 6. e3 Bf5 7. Qb3 Nbd7 8. Nxd5 Be6 9. Bxf6 Bxd5 10. Bxe7 Qxe7 11. Qxd5 Qb4+ 12. Kd1 Qxb2 13. Rc1 c6 14. Qe4+ Kf8 15. Bc4 Re8 16. Qf5 Re7 17. Ne2 Nb6 18. Bb3 g6 19. Qf6 Rg8 20. h4 Nd7 21. Qd6 Ke8 22. Rf1 Kd8 23. Nf4 Rge8 24. Nd3 1-0

[Event "Summer Cup 2025"]
[Site "Wellington NZL"]
[Date "2025.02.06"]
[Round "1.17"]
[White "Panth, Kishore"]
[Black "Benitez, Edgar"]
[Result "0-1"]
[WhiteElo "1104"]
[BlackElo "1861"]

1. e4 e5 2. Nf3 Nc6 3. Bc4 Bc5 4. d3 Nf6 5. Nc3 d6 6. O-O O-O 7. Bg5 Be6 8.
Bxe6 fxe6 9. Bxf6 Qxf6 10. a3 a5 11. a4 Rf7 {Black won on move 45} 0-1

[Event "Summer Cup 2025"]
[Site "Wellington NZL"]
[Date "2025.02.06"]
[Round "1.18"]
[White "Aldridge, Alan L"]
[Black "Sethuramalingam, Niranjana"]
[Result "1-0"]
[WhiteElo "1855"]
[BlackElo "1079"]

1. e4 e5 2. Nf3 Nc6 3. Bc4 Bc5 4. c3 d6 5. h3 Nf6 6. d3 a6 7. Bb3 b5 8. Nbd2 a5
9. a4 b4 10. Nf1 Ba6 11. Ne3 O-O 12. Nf5 Bc8 13. Ng3 Re8 14. O-O d5 15. Bg5
dxe4 16. Nxe4 Be7 17. Rc1 Nxe4 18. Bxe7 Nxc3 19. Bxd8 Nxd1 20. Rxc6 Bb7 21.
Rxc7 Bxf3 22. gxf3 Raxd8 23. Bxf7+ 1-0

[Event "Summer Cup 2025"]
[Site "Wellington NZL"]
[Date "2025.02.06"]
[Round "1.19"]
[White "Pham, Anthony"]
[WhiteFideId "0"]
[Black "Wilkins, Mark"]
[BlackFideId "4302389"]
[Result "0-1"]
[WhiteElo "1074"]
[BlackElo "1842"]
[PlyCount "0"]
[EventDate "2025.02.06"]
[SourceDate ""]

1.e4 c6 2.d4 d5 3.exd5 cxd5 4.Nf3 Nf6 5.Nc3 Bf5 6.Bf4 a6 7.a3 Nc6 8.Bd3 Bxd3
9.Qxd3 e6 10.O-O Bd6 11.Bxd6 Qxd6 12.Rfe1 Rc8 13.b4 b5 14.Rac1 Ne7 15.Nd1 Ne4
16.Ne3 Rc3 17.Qe2 Rxa3 18.Nd2 Nc3 19.Qg4 O-O 20.Nb1 Nxb1 21.Rxb1 Rc8 22.Rb2 Nc6
23.Rd1 Nxb4 24.Rxb4 Qxb4 25.Nxd5 Qf8 26.Nf6+ Kh8 27.Ne4 f5 28.Qh5 fxe4 29.Qe5
Rxc2 30.Qxe6 Qxf2+ 31.Kh1 Qxg2# 0-1

[Event "Summer Cup 2025"]
[Site "Wellington NZL"]
[Date "2025.02.06"]
[Round "1.20"]
[White "Malcolm, Aidan"]
[Black "Cao, Sam"]
[Result "1-0"]
[WhiteElo "1828"]
[BlackElo "1058"]

1. d4 d5 2. e4 e6 3. Be3 b6 4. e5 f6 5. f4 Bb7 6. Bd3 c5 7. Qh5+ g6 8. Bxg6+
Ke7 9. c3 f5 10. Bxf5 exf5 11. Qxf5 Bg7 12. Qg5+ Bf6 13. exf6+ Nxf6 14. Qg7+
Ke6 15. Qxb7 Nbd7 16. Nf3 Ng4 17. Ng5+ Kf6 18. Qc6+ Kg7 19. Ne6+ Kf7 20. Nxd8+
Raxd8 21. Qxd5+ Kf6 22. Qg5+ 1-0

[Event "Summer Cup 2025"]
[Site "Wellington NZL"]
[Date "2025.02.06"]
[Round "1.21"]
[White "Ravi, Vrajesh"]
[Black "Darr, Samuel"]
[Result "0-1"]
[WhiteElo "1046"]
[BlackElo "1785"]

1. e4 e6 2. d4 d5 3. Nc3 Nf6 4. exd5 exd5 5. Nf3 Bb4 6. Bg5 O-O 7. Bb5 c6 8.
Ba4 Bxc3+ 9. bxc3 Qa5 10. Bxf6 gxf6 11. Bb3 Qxc3+ 12. Kf1 Bg4 13. h3 Bh5 14.
Qd3 Qxa1+ 15. Ne1 Re8 16. Qg3+ Kh8 17. f3 Qxd4 18. Nd3 Nd7 19. Qc7 Qa1+ 20. Kf2
Qxh1 21. Qxd7 Bg6 22. Qxb7 Bxd3 23. Qb4 Re2+ 24. Kg3 Qxg2+ 25. Kh4 Qg5# 0-1

[Event "Summer Cup 2025"]
[Site "Wellington NZL"]
[Date "2025.02.06"]
[Round "1.22"]
[White "Ulm, Joy"]
[Black "Hamilton, Marcus"]
[Result "1-0"]
[WhiteElo "1758"]
[BlackElo "1030"]

1. d4 d5 2. c4 Nf6 3. cxd5 Nxd5 4. e4 Nf6 5. Nc3 Nc6 6. Bb5 a6 7. Bxc6+ bxc6 8.
Nf3 e6 9. Be3 Bb7 10. Qa4 Be7 11. Ne5 O-O 12. Nxc6 Qd7 13. Nxe7+ Qxe7 14. f3
Nd7 15. Rd1 Rfd8 16. O-O Nb6 17. Qc2 e5 18. d5 Nc4 19. Bf2 Qg5 20. Rfe1 Bc8 21.
Kh1 h5 22. Na4 Ra7 23. Bxa7 1-0

[Event "Summer Cup 2025"]
[Site "Wellington NZL"]
[Date "2025.02.06"]
[Round "1.23"]
[White "Dey, Kyle"]
[WhiteFideId "4326369"]
[Black "Winsley, Daniel"]
[BlackFideId "4315138"]
[Result "0-1"]
[WhiteElo "852"]
[BlackElo "1754"]
[PlyCount "0"]
[EventDate "2025.02.06"]
[SourceDate ""]

1. e4 e6 2. d4 d5 3. Nc3 dxe4 4. Nxe4 Bd7 5. Nf3 Bc6 6. Bd3 Nd7 7. O-O Ngf6 8. Qe2 Be7 9. Be3 Nxe4 10. Bxe4 Bxe4 11. Bf4 Bc6 12. Rad1 O-O 13. Rfe1 Bf6  14. c3 b5 15. c4 a6 16. b3 Nb6 17. a4 bxa4 18. bxa4 Bxa4 19. Rd2 Bb3 20. c5 Nd5 21. Be3 a5 22. Rb1 Nc3 23. Qd3 Nxb1 24. Qxb1 a4 25. Ne5 Qd5 26. Nd3 Rfb8 27. Qb2 a3 28. Qa1 Bc4 29. Bf4 a2 30. Bxc7 Rb1+ 31. Qxb1 axb1=Q+ 32. Rd1 Qxd1+ 33. Ne1 Qxe1# 0-1

[Event "Summer Cup 2025"]
[Site "Wellington NZL"]
[Date "2025.02.06"]
[Round "1.24"]
[White "Lavender, Ariel J"]
[Black "Pham, Luca"]
[Result "1-0"]
[WhiteElo "1752"]
[BlackElo "834"]

1. e4 e5 2. Nf3 Nc6 3. Bb5 a6 4. Ba4 Bc5 5. c3 b5 6. Bb3 Nf6 7. d3 O-O 8. O-O
d6 9. h3 Bb7 10. Re1 Na5 11. Bc2 Rb8 12. d4 Ba7 {White won on move 35} 1-0

[Event "Summer Cup 2025"]
[Site "Wellington NZL"]
[Date "2025.02.06"]
[Round "1.25"]
[White "Jayath, Jaiganesh"]
[Black "Lieser, Joshua"]
[Result "0-1"]
[WhiteElo "721"]
[BlackElo "1698"]

1. e4 c6 2. Nc3 d5 3. exd5 cxd5 4. d4 Bf5 5. Bb5+ Nc6 6. Nf3 a6 7. Ba4 b5 8.
Bb3 e6 9. Bf4 Bb4 10. O-O Bxc3 11. bxc3 Nf6 12. Qe2 Ne4 13. Qe3 Qa5 {Black won
on move 28} 0-1

[Event "Summer Cup 2025"]
[Site "Wellington NZL"]
[Date "2025.02.13"]
[Round "2.1"]
[White "Croad, Nicolas"]
[Black "Malcolm, Aidan"]
[Result "1-0"]
[WhiteElo "2375"]
[BlackElo "1828"]

1. e4 c6 2. d4 d5 3. e5 Bf5 4. Nf3 e6 5. Be2 Ne7 6. Nbd2 Nd7 7. Nb3 Bg6 8. Bf4
h5 9. Nh4 Qc7 10. Nxg6 Nxg6 11. Be3 c5 12. c3 h4 13. f4 Ne7 14. O-O Nf5 15. Bf2
c4 16. Nd2 b5 17. b3 a5 18. bxc4 bxc4 19. Qa4 Be7 20. Rab1 O-O 21. Bg4 Nh6 22.
Bh3 Rab8 23. Nf3 Rxb1 24. Rxb1 Rb8 25. Rxb8+ Nxb8 26. Qe8+ Bf8 27. Qb5 Nd7 28.
Bxh4 Ba3 29. Be1 Nf8 30. Bd2 Ng6 31. g4 Ne7 32. Qe8+ Kh7 33. Ng5+ Kg6 34. Qh8
1-0

[Event "Summer Cup 2025"]
[Site "Wellington NZL"]
[Date "2025.02.13"]
[Round "2.2"]
[White "Darr, Samuel"]
[Black "Ker, Anthony F"]
[Result "0-1"]
[WhiteElo "1785"]
[BlackElo "2318"]

1. e4 c5 2. Nf3 g6 3. d4 cxd4 4. Nxd4 Nc6 5. Be3 Nf6 6. Nc3 Bg7 7. Be2 O-O 8.
O-O d6 9. f4 Bd7 10. f5 Rc8 11. g4 Qb6 12. Na4 Qa5 13. Nc3 Ne5 14. g5 Rxc3 15.
bxc3 Qxc3 16. Bd3 Nxe4 17. Ne2 Qc6 18. f6 exf6 19. Bxe4 Qxe4 20. Bxa7 Bc6 21.
Kf2 fxg5 22. Rg1 Qf5+ 0-1

[Event "Summer Cup 2025"]
[Site "Wellington NZL"]
[Date "2025.02.13"]
[Round "2.3"]
[White "Ulm, Joy"]
[Black "Winter, Ryan"]
[Result "0-1"]
[WhiteElo "1758"]
[BlackElo "2241"]

1. d4 Nf6 2. c4 e6 3. Nc3 Bb4 4. Qb3 Nc6 5. e3 O-O 6. Bd3 d6 7. Ne2 e5 8. d5
Bxc3+ 9. Nxc3 Ne7 10. O-O Nd7 11. e4 f5 12. Qc2 f4 13. b4 a5 14. Ba3 Ng6 15.
bxa5 f3 16. g3 Qg5 17. Nb5 Qh5 18. Rfd1 Nf6 19. Kf1 Qxh2 20. Ke1 Ng4 21. Nxc7
Ne3 22. fxe3 f2+ 0-1

[Event "Summer Cup 2025"]
[Site "Wellington NZL"]
[Date "2025.02.13"]
[Round "2.4"]
[White "Archer, Ollie"]
[Black "Lavender, Ariel J"]
[Result "1-0"]
[WhiteElo "2166"]
[BlackElo "1752"]

1. d4 Nf6 2. c4 e6 3. Nc3 Bb4 4. e3 O-O 5. a3 Bxc3+ 6. bxc3 b6 7. Bd3 Bb7 8. f3
d5 9. cxd5 exd5 10. Ne2 Re8 11. O-O c5 12. Ng3 Ba6 13. Ra2 Bxd3 14. Qxd3 c4 15.
Qb1 Nc6 16. Re2 Ne7 17. e4 Ng6 18. e5 Nd7 19. f4 f6 20. e6 Ndf8 21. f5 Ne7 22.
Nh5 b5 23. Bh6 Nxf5 24. Qxf5 gxh6 25. Nxf6+ Kh8 26. Nxe8 Qxe8 27. Qf6+ Kg8 28.
Qf7+ Kh8 29. e7 Ng6 30. Qf6+ Kg8 31. Qe6+ 1-0

[Event "Summer Cup 2025"]
[Site "Wellington NZL"]
[Date "2025.02.13"]
[Round "2.5"]
[White "Winsley, Daniel"]
[Black "Young, Cohen"]
[Result "0-1"]
[WhiteElo "1754"]
[BlackElo "2154"]

1. e4 c5 2. c3 Nf6 3. e5 Nd5 4. Bc4 Nb6 5. Bb3 c4 6. Bc2 Nc6 7. Nf3 d6 8. exd6
Qxd6 9. d4 cxd3 10. Qxd3 Qxd3 11. Bxd3 Bg4 12. Be4 O-O-O 13. O-O f6 14. a4 Na5
15. Be3 Nbc4 16. Bxa7 b6 17. h3 Bxf3 18. Bxf3 Nb3 19. Ra2 Kc7 20. Be2 Ncd2 21.
Nxd2 Rxd2 22. Bf3 e5 23. Rd1 e4 24. Bg4 Kb7 25. Rxd2 Nxd2 26. Bxb6 Kxb6 27. b4
Nc4 28. Be6 Ne5 29. a5+ Kb5 30. a6 Be7 31. Bd5 Nc6 32. a7 Ra8 33. Bxe4 Kb6 34.
b5 Rxa7 35. Rxa7 Nxa7 36. c4 h6 37. Bf5 Kc7 38. Kf1 Nc8 39. Ke2 Nb6 40. Be6 Kd6
41. Bf7 Kc5 42. Kd3 Na4 43. f3 Bd6 44. h4 f5 45. g4 Nb2+ 46. Kc3 Be5+ 47. Kb3
f4 48. h5 Bd4 49. Bd5 Bf6 50. Be6 Be5 51. Bd5 Nd1 52. Bf7 Ne3 53. Be6 Kd4 54.
Bf7 Kd3 55. c5 Kd4 56. Kb4 Nc2+ 57. Kb3 Ne1 58. c6 Kc5 59. Be8 Nxf3 60. Ka4 Bc7
61. Bg6 Ne5 0-1

[Event "Summer Cup 2025"]
[Site "Wellington NZL"]
[Date "2025.02.13"]
[Round "2.6"]
[White "Winsley, Nicholas"]
[Black "Rose, Nathan"]
[Result "0-1"]
[WhiteElo "2127"]
[BlackElo "1697"]

1. e4 c5 2. Nf3 d6 3. d4 cxd4 4. Nxd4 Nf6 5. Nc3 a6 6. Bg5 e6 7. f4 Be7 8. Qf3
Nbd7 9. O-O-O Qc7 10. g4 h6 11. Bxf6 Bxf6 12. h4 Nb6 13. g5 Bxd4 14. Rxd4 Qc5
15. Qd3 hxg5 16. Rxd6 Rxh4 17. Rxh4 gxh4 18. e5 Bd7 19. Ne4 Qg1 20. Qf3 O-O-O
21. Qd3 Nd5 22. b4 Qe3+ 23. Qxe3 Nxe3 24. Bh3 Nd5 25. f5 Nf4 26. fxe6 Bxe6 0-1

[Event "Summer Cup 2025"]
[Site "Wellington NZL"]
[Date "2025.02.13"]
[Round "2.7"]
[White "Chang, Luke"]
[Black "Qu, Lucas"]
[Result "1/2-1/2"]
[WhiteElo "2038"]
[BlackElo "1686"]

1. d4 d5 2. c4 e6 3. Nc3 Nf6 4. cxd5 exd5 5. Bg5 Bb4 6. e3 h6 7. Bh4 g5 8. Bg3
Ne4 9. Qc2 Bf5 10. Bd3 Nxg3 11. hxg3 Bxd3 12. Qxd3 Qd7 13. Nf3 Bxc3+ 14. bxc3
Nc6 15. Rb1 O-O-O 16. Qb5 b6 17. Qa6+ Kb8 18. Nd2 Ka8 19. c4 Nb8 20. Qb5 Qxb5
21. cxb5 Rde8 22. Nf3 f6 23. Kd2 Nd7 24. Rbc1 Kb7 25. g4 Nf8 26. Rc6 Re6 27.
Rhc1 Rxc6 28. Rxc6 Nd7 29. Re6 Rh7 30. Nh2 a6 31. a4 Rf7 32. Nf1 axb5 33. axb5
Nf8 34. Rc6 Ng6 35. Ng3 Ne7 36. Re6 Kc8 37. Nh5 f5 38. gxf5 Nxf5 39. Rf6 Rxf6
40. Nxf6 Ne7 41. f3 Kb7 42. e4 c6 43. bxc6+ Kxc6 44. Kc3 dxe4 45. fxe4 Ng6 46.
d5+ Kd6 47. Kd4 Nf4 48. e5+ Kc7 49. e6 Nxe6+ 50. dxe6 Kd6 51. e7 Kxe7 52. Nd5+
Ke6 53. Nxb6 Kf5 54. Ke3 Kg4 55. Kf2 h5 56. Nd5 h4 57. Ne3+ Kf4 58. Nf1 Kg4 59.
Kg1 Kf4 60. Nd2 g4 61. Kf2 g3+ 62. Ke2 1/2-1/2

[Event "Summer Cup 2025"]
[Site "Wellington NZL"]
[Date "2025.02.13"]
[Round "2.8"]
[White "Lieser, Joshua"]
[Black "Tanoi, T Edward"]
[Result "1-0"]
[WhiteElo "1698"]
[BlackElo "1966"]

1. e4 c5 2. Nf3 Nc6 3. d4 cxd4 4. Nxd4 e5 5. Nb5 d6 6. Be3 Be7 7. Bc4 Be6 8.
Bb3 Nf6 9. N5c3 O-O 10. h3 a6 11. O-O Rc8 12. Nd2 d5 13. exd5 Nxd5 14. Nxd5
Bxd5 15. Nf3 Bxb3 16. axb3 Bf6 17. Nd2 Bg5 18. Bxg5 Qxg5 19. Nf3 Qe7 20. Re1
Rfd8 21. Qe2 Re8 22. Rad1 f6 23. Nh4 g6 24. Qg4 Qe6 25. Qxe6+ Rxe6 26. Rd7 Re7
27. Rd6 Kf7 28. Nf3 e4 29. Nd2 f5 30. Nc4 Nb4 31. Rb6 Nxc2 32. Nd6+ Kg7 33.
Nxc8 Rc7 34. Nd6 Re7 35. Rd1 Kh6 1-0

[Event "Summer Cup 2025"]
[Site "Wellington NZL"]
[Date "2025.02.13"]
[Round "2.9"]
[White "Grant, Elliot"]
[Black "Nicholls, Leighton"]
[Result "0-1"]
[WhiteElo "1666"]
[BlackElo "1957"]

1. e4 e6 2. d4 d5 3. e5 c5 4. c3 Nc6 5. Nf3 Bd7 6. Be2 Qb6 7. O-O Nh6 8. Nbd2
cxd4 9. cxd4 Nxd4 10. Nxd4 Qxd4 11. Nf3 Qxd1 12. Rxd1 Nf5 13. Bd2 Bc5 14. b4
Bb6 15. Bc3 Ba4 16. Re1 O-O 17. Bd3 Rac8 18. Rac1 Rfd8 19. Bxf5 exf5 20. Bd4
Bxd4 21. Nxd4 g6 22. f4 Rc4 23. Rxc4 dxc4 24. Nf3 c3 25. Kf2 c2 0-1